000
00425nam a22001217a 4500
003
LK-CoDNM
005
20240830135534.0
008
240830b |||||||| |||| 00| 0 eng d
040
_a
LK-CoDNM
_d
LK-CoDNM
_e
LK-CoDNM
245
_a
නියෝජිත මන්ත්රී මණ්ඩලයේ කාර්ය් සටහන්
260
_b
ලංකාණ්ඩුවෙ මුද්රණාලය
942
_c
BK
999
_c
150291
_d
150291